000 01641nam a22004697a 4500
001 7504051
005 20060802050305.0
008 810507c19509999ii uu f0 z0eng d
010 _a 62038939
_zsn 84001654
022 _a0254-6779
_2z
030 _aGINPDX
035 _a(OCoLC)ocm01752771
040 _aMnMULS
_cMnMULS
_dNSDP
_dOCoLC
_dOCoLC
_dDLC
041 _aenghin
042 _ansdp
_alc
043 _aa-ii---
050 _aKNS7
_b.I532
082 _a351.05
110 _aIndia.
210 _aBhārāt kā rājapatra
222 _aBhārāt kā rājapatra
240 _aGazette of India (1950)
245 _aThe Gazette of India -extraordinary-part II-section 4
246 _iVols. for Jan. 23, 1965- have Hindi title:
_aभारत का राजपत्र-असाघारण
260 _aNew Delhi :
_bController of Publications
_c1950-
300 _av. ;
_c28 cm.
310 _airregular
362 _aJan. 28, 1950-
500 _aTitle from caption.
500 _aOrder of title varies.
515 _aIssued in parts.
525 _aHas many supplements and extraordinary issues.
546 _aIn English or Hindi.
590 _aPREMARC/SERLOC merged record
650 _aGazettes
_zIndia.
780 _aIndia.
_sGazette of India (1864).
_tGazette of India
_w(DLC) 62038934
270 _aCivil lines
_bDelhi
_e110054
906 _a7
_bcbc
_cserials
_d3
_encip
_f19
_gn-oclcserc
942 _2ddc
_cSR
_h351.05
_mGAZ
_s1
999 _c22962
_d22962